000 00913cam a22002531 4500
001 gs 57000075
003 DLC
005 20260227111405.0
008 720309s1956 xx 000 0 eng
010 _ags 57000075
035 _a(OCoLC)259915
040 _aDLC
_cOAkU
_dDLC
042 _apremarc
050 0 0 _aQE185
_b.A43 no. 36
100 1 _aBoyle, R. W.
_q(Robert William),
_d1920-
245 1 0 _aGeochemical investigation of heavy metal content of streams and springs in the Galena Hill-Mount Haldane area, Yukon Territory,
_cby Robert W. Boyle, Edward L. Pekar, and Paul R. Patterson.
260 _aOttawa,
_bE. Cloutier, Queen's printer,
_c1956.
300 _av, 12 p.
_bmaps (2 fold. col. in pocket) table.
410 2 0 _aGeological Survey of Canada.
_tBulletin
_v36
504 _a"References": p. 12.
650 0 _aGeology
_zYukon.
650 0 _aWater-supply
_zYukon.
650 0 _aWater
_xComposition.
999 _c29128
_d29128